000 00383nam a22001577a 4500
003 CEME
005 20210628204350.0
008 210218b xxu||||| |||| 00| 0 eng d
040 _c.
082 _a629.8312 SCH"S
100 _aSchwarzenbach, J Gill, K. F
_970073
245 _aSystem modelling and control
260 _aLONDON
_bARNOLD
_c1978
300 _a229P
942 _cBK
_2ddc
999 _c577121
_d577121